Normal view
MARC view
Entry Personal Name
001 - CONTROL NUMBER
- control field: 72400
003 - CONTROL NUMBER IDENTIFIER
- control field: dpl
005 - DATE AND TIME OF LATEST TRANSACTION
- control field: 20241007110200.0
008 - FIXED-LENGTH DATA ELEMENTS
- fixed length control field: 241007|| aca||aabn | a|a d
040 ## - CATALOGING SOURCE
- Original cataloging agency: dpl
- Transcribing agency: dpl
100 ## - HEADING--PERSONAL NAME
- Personal name: कुल सौकिया
670 ## - SOURCE DATA FOUND
- Source citation: Work cat.: (dpl)206118: सैकिया, कुल 72399, आकाश का चित्र और अन्या कहानियाँ/, 2021
